000 00839nam a2200265 i 4500
001 13218
005 20250721074343.0
008 760406s1976 mau 001 0 eng
010 _a 75026093
020 _a0395206553453
035 _a4107904
040 _aBSULIB
_cDLC
_dDLC
050 0 0 _aQA152.2
_b.B72
082 0 0 _a512
_222
_bBRA
100 1 _aBrase, Corrinne Pellillo.
_925641
245 1 0 _aBasic algebra for college students /
_cCorrinne Pellillo Brase, Charles Henry Brase.
260 _aBoston :
_bHoughton Mifflin,
_c1976.
300 _avii, 132 p. ;
_c2o cm.
500 _aIncludes index.
650 0 _aAlgebra.
700 1 _aBrase, Charles Henry,
_ejoint author.
_925642
906 _a7
_bcbc
_corignew
_d2
_eocip
_f19
_gy-gencatlg
942 _2ddc
_cBK
999 _c13218
_d13218